[Event "Vienna 4Kids op"]
[Site "Vienna"]
[Date "2010.11.21"]
[Round "6.1"]
[White "Wu, Jiong"]
[Black "Dodu, Julian"]
[Result "0-1"]
[WhiteElo "1564"]
[BlackElo "1656"]
[PlyCount "124"]
[EventDate "2010.10.26"]
[EventType "swiss"]
[EventRounds "9"]
[EventCountry "AUT"]
[SourceTitle "EXT 2024"]
[Source "ChessBase"]
[SourceDate "2023.10.10"]
[SourceVersion "1"]
[SourceVersionDate "2023.10.10"]
[SourceQuality "1"]

1. e4 e5 2. Nf3 Nc6 3. Bc4 Bc5 4. c3 Nf6 5. d4 exd4 6. cxd4 Bb4+ 7. Bd2 Nxe4 8. Bxf7+ Kxf7 9. Qb3+ d5 10. Bxb4 Nxb4 11. Qxb4 Re8 12. Ne5+ Kg8 13. 0-0 a5 14. Qa3 c6 15. Nc3 Be6 16. Nxe4 dxe4 17. Qc3 Bd5 18. Rfe1 Qg5 19. Qe3 Qf5 20. a3 a4 21. Rac1 Ra5 22. Qg3 Rb5 23. Re2 Rb3 24. Rc3 e3 25. Rc1 exf2+ 26. Qxf2 Qg5 27. Rf1 h6 28. h3 Rxh3 29. Qf5 Qxf5 30. Rxf5 Rg3 31. Kh2 Rg5 32. Rxg5 hxg5 33. Rc2 Re6 34. Kg3 Rf6 35. Rf2 Rxf2 36. Kxf2 Kf8 37. Kg3 Ke7 38. Nd3 Kf6 39. Nc5 b5 40. Nd7+ Kf5 41. Nc5 g6 42. Kh3 Kf4 43. g3+ Ke3 44. Kg4 Kxd4 45. Na6 Kc4 46. Kxg5 Kb3 47. Nb4 Kxb2 48. Nxd5 cxd5 49. Kf4 Kc3 50. Kf3 d4 51. Ke2 d3+ 52. Kd1 d2 53. g4 g5 54. Ke2 Kc2 55. Ke3 d1Q 56. Kf2 Qd3 57. Kg2 Qe3 58. Kh1 Qe2 59. Kg1 Kd3 60. Kh1 Ke3 61. Kg1 Kf3 62. Kh1 Qg2# 0-1

[Event "AUT-ch U12"]
[Site "Eisenstadt"]
[Date "2010.05.24"]
[Round "6.4"]
[White "Nussbaumer, Vincent"]
[Black "Dodu, Julian"]
[Result "1/2-1/2"]
[WhiteElo "1571"]
[BlackElo "1656"]
[PlyCount "102"]
[EventDate "2010.05.22"]
[EventType "swiss"]
[EventRounds "7"]
[EventCountry "AUT"]
[SourceTitle "EXT 2024"]
[Source "ChessBase"]
[SourceDate "2023.10.10"]
[SourceVersion "1"]
[SourceVersionDate "2023.10.10"]
[SourceQuality "1"]

1. e4 e5 2. Nf3 Nc6 3. Bc4 Bc5 4. c3 Nf6 5. d3 0-0 6. 0-0 d6 7. a4 a6 8. Nbd2 Be6 9. b4 Bb6 10. a5 Ba7 11. Qb3 d5 12. exd5 Bxd5 13. Re1 Bxc4 14. Qxc4 Qd6 15. Ba3 Rfe8 16. b5 Nxa5 17. Qxf7+ Kxf7 18. Bxd6 cxd6 19. Rxa5 Bb6 20. Ra2 axb5 21. Rb2 Ra5 22. c4 Bc5 23. Nb3 Bb4 24. Nxa5 Bxa5 25. Reb1 b4 26. Ra2 b6 27. Ng5+ Kg6 28. Ne4 Nxe4 29. dxe4 Rc8 30. Rd1 Rc6 31. Rc1 Kg5 32. g3 h5 33. h4+ Kf6 34. f4 exf4 35. gxf4 Ke6 36. Kf2 b3 37. Rb2 b5 38. Rxb3 bxc4 39. Rb5 Bd2 40. f5+ Kf6 41. Rg1 Bh6 42. Rg6+ Kf7 43. Rb7+ Kg8 44. f6 c3 45. f7+ Kf8 46. Re6 Rc8 47. Re8+ Rxe8 48. fxe8Q+ Kxe8 49. Rc7 c2 50. Rxc2 Ke7 51. Kf3 Ke6 1/2-1/2